Statystyki dla Spikselizowana Mapa Ameryk

Kliknij tutaj aby rozwiązać quiz!

Ogólne statystyki

  • Ten quiz został rozwiązany 12 936 razy
  • Średni wynik to 150 z 156

Odpowiedzi na mapie

Odpowiedzi skodowane kolorowo w zielono-czerwonej skali na mapie do tego quizu, zgodnie z poniższymi procentami.
Ładowanie ...
 

Statystyki odpowiedzi

Kraj% Poprawnych
Stany Zjednoczone
99%
Kanada
99%
Brazylia
98%
Meksyk
97%
Argentyna
96%
Chile
91%
Kolumbia
86%
Urugwaj
82%
Peru
82%
Boliwia
78%
Wenezuela
78%
Paragwaj
74%
Honduras
52%
Surinam
51%

Rozkład punktacji

Percentyl według liczby udzielonych odpowiedzi

Procent ludzi z każdym wynikiem

Twoja historia wyników

Nie rozwiązałeś tego quizu